Textbook on intellectual property rights Ed 7 (Record no. 167192)
[ view plain ]
| 000 -LEADER | |
|---|---|
| fixed length control field | 00637nam a2200241Ia 4500 |
| 003 - CONTROL NUMBER IDENTIFIER | |
| control field | OSt |
| 005 - DATE AND TIME OF LATEST TRANSACTION | |
| control field | 20230622152927.0 |
| 008 - FIXED-LENGTH DATA ELEMENTS--GENERAL INFORMATION | |
| fixed length control field | 210423s2014 xx 000 0 und d |
| 020 ## - INTERNATIONAL STANDARD BOOK NUMBER | |
| International Standard Book Number | 978-93-84310-12-7 |
| 040 ## - CATALOGING SOURCE | |
| Transcribing agency | AL |
| 041 ## - LANGUAGE CODE | |
| Language code of text/sound track or separate title | eng |
| 082 ## - DEWEY DECIMAL CLASSIFICATION NUMBER | |
| Classification number | 343.0998 |
| Edition number | 23 |
| Item number | ACHT |
| 100 ## - MAIN ENTRY--PERSONAL NAME | |
| Personal name | ACHARYA (M K) |
| 9 (RLIN) | 112208 |
| 245 ## - TITLE STATEMENT | |
| Title | Textbook on intellectual property rights Ed 7 |
| 250 ## - EDITION STATEMENT | |
| Edition statement | 7 |
| 260 ## - PUBLICATION, DISTRIBUTION, ETC. | |
| Place of publication, distribution, etc. | Hyderabad |
| Name of publisher, distributor, etc. | Asian law house |
| Date of publication, distribution, etc. | 2014 |
| 300 ## - PHYSICAL DESCRIPTION | |
| Extent | xxxiv,374 |
| Other physical details | PB |
| 365 ## - TRADE PRICE | |
| Price amount | 450 |
| Currency code | INR |
| 650 ## - SUBJECT ADDED ENTRY--TOPICAL TERM | |
| Topical term or geographic name entry element | Law |
| 9 (RLIN) | 112209 |
| 650 ## - SUBJECT ADDED ENTRY--TOPICAL TERM | |
| Topical term or geographic name entry element | Mass Media Law |
| 9 (RLIN) | 112210 |
| 906 ## - LOCAL DATA ELEMENT F, LDF (RLIN) | |
| a | intellectual ; property ; rights ; Textbook |
| 942 ## - ADDED ENTRY ELEMENTS (KOHA) | |
| Source of classification or shelving scheme | Dewey Decimal Classification |
| Koha item type | Book |
| Withdrawn status | Lost status | Damaged status | Not for loan | Collection code | Home library | Current library | Date acquired | Source of acquisition | Cost, normal purchase price | Total Checkouts | Total Renewals | Full call number | Barcode | Date last seen | Date last checked out | Price effective from | Koha item type |
|---|---|---|---|---|---|---|---|---|---|---|---|---|---|---|---|---|---|
| M Com | St Aloysius PG Library | St Aloysius PG Library | 10/08/2015 | Biblios Book Point | 450.00 | 6 | 1 | 343.0998 ACHT | PG013693 | 01/22/2026 | 01/17/2026 | 04/26/2021 | Book | ||||
| M Com | St Aloysius PG Library | St Aloysius PG Library | 10/08/2015 | Biblios Book Point | 450.00 | 3 | 343.0998 ACHT | PG013694 | 09/09/2025 | 09/09/2025 | 04/26/2021 | Book | |||||
| M Com | St Aloysius PG Library | St Aloysius PG Library | 10/08/2015 | Biblios Book Point | 450.00 | 7 | 343.0998 ACHT | PG013695 | 08/16/2025 | 08/08/2025 | 04/26/2021 | Book | |||||
| M Com | St Aloysius PG Library | St Aloysius PG Library | 10/08/2015 | Biblios Book Point | 450.00 | 9 | 1 | 343.0998 ACHT | PG013696 | 09/09/2025 | 09/09/2025 | 04/26/2021 | Book |